Statystyki dla Czy potrafisz odgadnąć te miasta? #3

Kliknij tutaj aby rozwiązać quiz!

Ogólne statystyki

  • Ten quiz został rozwiązany 21 razy
  • Średni wynik to 5 z 20

Statystyki odpowiedzi

PodpowiedźMiasto% Poprawnych
Dawniej AstanaNur-Sułtan
75%
Jedyna stolica na świecie, która graniczy z dwoma państwami. Dawniej znana pod nazwą PreszburgBratysława
50%
Miasto w Kanadzie, w którym znajduje się największy odsetek ludzi mówiących po francuskuQuebec
50%
W lipcu 2020 w tym mieście doszło do potężnego wybuchu spowodowanego chemikaliamiBejrut
45%
Miasto założone w 1535 roku przez Francisco Pizarro jako obóz podczas podbojów InkówLima
45%
Najgęściej zaludnione miasto świataDhaka
40%
Miasto ma taką samą nazwę jak słynny wyścig w Ameryce PołudniowejDakar
35%
Według legendy, w tym mieście żył Robin HoodNottingham
30%
Miasto znane z uczestnictwa w Wojnach PunickichKartagina
25%
Wokół tego miasta rozciągają się liczne sawanny eukaliptusowe a przez samo miasto przepływa rzeka MolongloCanberra
20%
Główny port Republiki Południowej AfrykiDurban
20%
W tym mieście odbyły się Igrzyska Olimpijskie w 1904 rokuSt. Louis
20%
Stolica Oksytanii. Dawna stolica państwa WizygotówTuluza
20%
Największe miasto wyspy KiusiuFukuoka
15%
Stolica jedynego państwa poza Indiami, gdzie język hindi jest językiem urzędowymSuva
15%
Miasto zbudowane na wzór Waszyngtonu. Znajduje się tu Estádio MineirãoBelo Horizonte
10%
Miasto znajdujące się w dolinach rzek Keelung i XindianTajpej
10%
Najstarsze miasto na Półwyspie IberyjskimBraga
5%
Meksykańskie "Miasto Aniołów"Puebla
5%
Miasto leżące u stóp góry TaunusFrankfurt
0%

Rozkład punktacji

Percentyl według liczby udzielonych odpowiedzi

Procent ludzi z każdym wynikiem

Twoja historia wyników

Nie rozwiązałeś tego quizu